| 000 | 00876nas a2200277 4500 | ||
|---|---|---|---|
| 001 | BR9703286 | ||
| 003 | BR-BrBNA | ||
| 005 | 20231205100343.0 | ||
| 007 | ta | ||
| 008 | 230509b bl.|||p| |||| 00| 00por d | ||
| 040 |
_aBR-BrBNA _bpor _cBiblioteca Nacional de Agricultura |
||
| 041 | _a(Pt) | ||
| 072 | _aK10 | ||
| 100 | 1 | _aViana, V.M. | |
| 100 | 1 | _aAzevedo, T.R. de | |
| 100 | 1 | _aSilva, M.M.P. da | |
| 245 | 1 | _aPerspectivas para a certificacao socio-ambiental (selo verde)e manejo da caixeta (Tabebuia Cassinoides) | |
| 650 | _aCaixeta | ||
| 650 | _aAgricultura Sustentavel | ||
| 650 | _aProducao Florestal | ||
| 650 | _aReconhecimento Florestal | ||
| 650 | _aExploracao Florestal | ||
| 773 | 0 |
_tFlorestar Estatistico (Brazil) _xISSN 0104-3048 _g(Jul-Oct 1995), v. 3(8) p. 14-20 _wBR9703286 |
|
| 909 |
_a202311 _bLúcia _c55 _dLúcia Elande |
||
| 942 |
_2AGRIS _n0 _cANA |
||
| 999 |
_c155543 _d155543 |
||